| 000 | 00000nam##2200000za#4500 |
| 001 | 9.649520 |
| 003 | CaOODSP |
| 005 | 20210615113752 |
| 007 | ta |
| 008 | 150407|2003||||xxc||||| f|0| 0 eng|d |
| 040 | |aCaOODSP|beng |
| 043 | |an-cn--- |
| 086 | 1 |aM92-192/2003E |
| 110 | 1 |aCanada.|bNatural Resources Canada. |bOffice of Energy Efficiency. |
| 245 | 10|aAir-leakage control |
| 260 | |aOttawa - Ontario : |bNatural Resources Canada. |c2003. |
| 300 | |a11p. : |billus., illus. (some coloured) ; |c28 cm. |
| 500 | |a"EnerGuide for Houses." The ISBN (0-662-33036-6) assigned to an earlier edition has been printed on this publication. |
| 520 | 3 |aThis fact sheet is intended to provide you with a general introduction to air-leakage control. |
| 563 | |aSoftcover |
| 690 | 07|aEnergy efficiency|2gcpds |
| 775 | 08|tLa réduction des fuites d'air |w(CaOODSP)9.682707 |
| 776 | 0#|tAir-leakage control |w(CaOODSP)9.687268 |